00359pab a2200133 454500008004000000100001700040245005900057260000900116300001300125362001100138650003100149650001100180773003400191180718b2001 xxu||||| |||| 00| 0 eng d aKarnik, Ajit aBudget 2001-2002: government finances: weakness remain c2001 ap.986-88 a24 Mar aBudget - India - 2001-2002 aBudget aEconomic and Political Weekly